[Event "TCh-ESP Div Honor 2014"]
[Site "Linares ESP"]
[Date "2014.09.05"]
[Round "2.2"]
[White "Arizmendi Martinez, Julen Luis"]
[Black "Edouard, Romain"]
[Result "1/2-1/2"]
[WhiteTitle "GM"]
[BlackTitle "GM"]
[WhiteElo "2544"]
[BlackElo "2674"]
[WhiteTeam "EQUIGOMA -  CASA SOCIAL CATOLICA"]
[BlackTeam "SESTAO NATURGAS ENERGIA"]
[WhiteFideId "2205092"]
[BlackFideId "633429"]
[EventDate "2014.09.04"]

1. d4 Nf6 2. c4 e6 3. Nc3 Bb4 4. e3 O-O 5. Bd3 d5 6. cxd5 exd5 7. Ne2 Re8 8. Bd2
Bf8 9. Rc1 b6 10. O-O c5 11. Nf4 Ba6 12. Bxa6 Nxa6 13. Qf3 cxd4 14. exd4 Nc7 15.
Rfe1 Qd7 16. h3 b5 17. Nh5 Nxh5 18. Qxh5 b4 19. Rxe8 Rxe8 20. Ne2 Ne6 21. Be3 g6
22. Qf3 Bg7 23. b3 Rd8 24. h4 h5 25. Nf4 Nc7 26. Ne2 Nb5 27. g3 a6 28. Rc5 Bf8
29. Rc1 Re8 30. Kg2 Re4 31. Qf6 Nd6 32. Qf3 Nf5 33. Rc2 Rg4 34. Kf1 Re4 35. Kg2
Rg4 36. Kf1 Re4 1/2-1/2

[Event "TCh-ESP Div Honor 2014"]
[Site "Linares ESP"]
[Date "2014.09.07"]
[Round "4.4"]
[White "Rakhmanov, Aleksandr"]
[Black "Sargissian, Gabriel"]
[Result "1-0"]
[WhiteTitle "GM"]
[BlackTitle "GM"]
[WhiteElo "2626"]
[BlackElo "2691"]
[WhiteTeam "ESCOLA D'ESCACS DE BARCELONA"]
[BlackTeam "CLUB MAGIC EXTREMADURA"]
[WhiteFideId "4173708"]
[BlackFideId "13300881"]
[EventDate "2014.09.04"]

1. d4 Nf6 2. c4 e6 3. Nc3 Bb4 4. e3 O-O 5. Bd3 d5 6. Ne2 dxc4 7. Bxc4 c5 8. O-O
cxd4 9. exd4 Nbd7 10. Qd3 Nb6 11. Bb3 Re8 12. Bg5 Be7 13. Nf4 Bd7 14. Qg3 Bc6
15. Rfe1 Nfd5 16. Bxe7 Rxe7 17. Nh5 Qf8 18. Bxd5 Bxd5 19. Nf6+ Kh8 20. Nfxd5
exd5 21. Rxe7 Qxe7 22. Qe5 Qxe5 23. dxe5 g5 24. Rd1 Rd8 25. h4 g4 26. Kh2 Kg7
27. Kg3 h5 28. b3 Kg6 29. Ne2 Kf5 30. Nf4 d4 31. Nxh5 d3 32. Nf4 d2 33. h5 Nc8
34. h6 Ne7 35. h7 Kg5 36. Rxd2 Rh8 37. Ne2 Nf5+ 38. Kh2 g3+ 39. Nxg3 Rxh7+ 40.
Kg1 Nxg3 41. fxg3 Rh6 42. Rd6 Re6 43. Rd7 Ra6 44. Rxb7 Rxa2 45. Rxf7 Rb2 46.
Rxa7 Rxb3 47. e6 Re3 48. Re7 Kf5 49. Kh2 Kf6 50. Re8 Kg5 51. g4 Kf6 52. e7 Kg7
53. g5 Kf7 54. Rf8+ Kxe7 55. Rf5 Ke6 56. Rf3 Re5 57. g6 Rh5+ 58. Rh3 Ra5 59. Rg3
Ra8 60. g7 Kf7 61. g8=Q+ Rxg8 62. Rxg8 Kxg8 63. Kg3 Kg7 64. Kg4 Kg6 65. g3 1-0

[Event "TCh-ESP Div Honor 2014"]
[Site "Linares ESP"]
[Date "2014.09.07"]
[Round "4.4"]
[White "Cruz, Cristhian"]
[Black "Svetushkin, Dmitry"]
[Result "1-0"]
[WhiteTitle "GM"]
[BlackTitle "GM"]
[WhiteElo "2569"]
[BlackElo "2580"]
[WhiteTeam "ESCOLA D'ESCACS DE BARCELONA"]
[BlackTeam "CLUB MAGIC EXTREMADURA"]
[WhiteFideId "3801969"]
[BlackFideId "13900463"]
[EventDate "2014.09.04"]

1. d4 Nf6 2. c4 e6 3. Nc3 Bb4 4. e3 O-O 5. Ne2 d5 6. a3 Bd6 7. c5 Be7 8. b4 c6
9. Nf4 Nbd7 10. Bb2 Qc7 11. Be2 e5 12. dxe5 Nxe5 13. Qd4 Ng6 14. Nxg6 hxg6 15.
h4 Be6 16. h5 Nxh5 17. Bxh5 Bf6 18. Qd1 Bxc3+ 19. Bxc3 gxh5 20. Bxg7 Kxg7 21.
Qxh5 Kf6 22. Qh4+ Kg6 23. Qh6+ 1-0

[Event "TCh-ESP Div Honor 2014"]
[Site "Linares ESP"]
[Date "2014.09.09"]
[Round "6.2"]
[White "Arizmendi Martinez, Julen Luis"]
[Black "Kryvoruchko, Yuriy"]
[Result "0-1"]
[WhiteTitle "GM"]
[BlackTitle "GM"]
[WhiteElo "2544"]
[BlackElo "2708"]
[WhiteTeam "EQUIGOMA -  CASA SOCIAL CATOLICA"]
[BlackTeam "MERIDA PATRIMONIO DE LA HUMANIDAD"]
[WhiteFideId "2205092"]
[BlackFideId "14109182"]
[EventDate "2014.09.04"]

1. d4 Nf6 2. c4 e6 3. Nc3 Bb4 4. e3 O-O 5. Bd3 d5 6. cxd5 exd5 7. Ne2 Re8 8. Bd2
c5 9. a3 Bxc3 10. Bxc3 c4 11. Bc2 Nc6 12. Ng3 b5 13. O-O a5 14. e4 dxe4 15. d5
Ne5 16. Nxe4 Nxd5 17. Bxe5 Rxe5 18. Qd4 Re8 19. Rad1 Be6 20. Qc5 b4 21. Ba4 Rc8
22. Bc6 Qc7 23. Bxe8 Qxc5 24. Nxc5 Rxc5 25. axb4 axb4 26. Rfe1 g6 27. Ba4 c3 28.
bxc3 Nxc3 29. Ra1 b3 30. Rxe6 b2 31. Re8+ Kg7 32. Rae1 Nxa4 33. Rb8 Rc2 34. Kf1
Nc3 35. Rb3 f5 36. Rb7+ Kf6 37. Rb6+ Kg5 38. f3 f4 39. Rb4 Kh6 40. Rb3 Nd5 41.
Kg1 Ne3 42. g3 Nc4 43. Rb4 Nd2 44. Kg2 b1=Q 45. Rexb1 Nxb1+ 46. Kh3 Nd2 0-1

[Event "TCh-ESP Div Honor 2014"]
[Site "Linares ESP"]
[Date "2014.09.10"]
[Round "7.3"]
[White "Guerrero Vargas, Andres"]
[Black "Moreno Tejera, Emilio"]
[Result "0-1"]
[WhiteTitle "FM"]
[BlackTitle "IM"]
[WhiteElo "2303"]
[BlackElo "2435"]
[WhiteTeam "EQUIGOMA -  CASA SOCIAL CATOLICA"]
[BlackTeam "CLUB MAGIC EXTREMADURA"]
[WhiteFideId "3902048"]
[BlackFideId "2227584"]
[EventDate "2014.09.04"]

1. e4 c5 2. Nf3 d6 3. d4 cxd4 4. Nxd4 Nf6 5. Nc3 Nc6 6. Bc4 Qb6 7. Nb3 e6 8. O-O
a6 9. Kh1 Qc7 10. Bd3 b5 11. a3 Bb7 12. f4 Be7 13. Qf3 Nd7 14. Bd2 Nc5 15. Qf2
Nxd3 16. cxd3 O-O 17. Rac1 Rac8 18. Nd1 Qd8 19. Bc3 d5 20. e5 d4 21. Be1 Qd5 22.
Nd2 f6 23. exf6 Rxf6 24. Ne4 Rf5 25. Ng3 Rff8 26. Bd2 Kh8 27. Qe2 b4 28. axb4
Nxb4 29. Rxc8 Rxc8 30. Bxb4 Bxb4 31. f5 exf5 32. Rxf5 Qd7 33. Qf1 Bd5 34. Ne2
Re8 35. Rf2 h6 36. Kg1 Bb3 37. Rf4 Qd6 38. g3 Qg6 39. Nf2 Bd2 40. Rxd4 Be3 41.
Nf4 Qf6 42. Re4 Rxe4 43. dxe4 Qxb2 44. Nd3 Qd2 45. Ne5 a5 46. Ng4 Bd4 47. Qb5
Qb4 48. Qe8+ Bg8 49. e5 a4 50. e6 Bc5 51. Kg2 Qb7+ 52. Kh3 Qe7 53. Qxa4 h5 54.
Nd3 hxg4+ 55. Kg2 Qb7+ 56. Kf1 Qf3+ 57. Ke1 Qb7 58. Nf2 Qe4+ 0-1